Las Ciudades Novohispanas : (Record no. 141663)
[ view plain ]
| 000 -LEADER | |
|---|---|
| fixed length control field | nam a22 7a 4500 |
| 005 - DATE AND TIME OF LATEST TRANSACTION | |
| control field | 20180613103932.0 |
| 008 - FIXED-LENGTH DATA ELEMENTS--GENERAL INFORMATION | |
| fixed length control field | 180613b mx ||||| |||| 00| 0 spa d |
| 020 ## - INTERNATIONAL STANDARD BOOK NUMBER | |
| International Standard Book Number | 9786079475277 (Instituto Mora) |
| 020 ## - INTERNATIONAL STANDARD BOOK NUMBER | |
| International Standard Book Number | 9786079470357 (COLMICH) |
| 050 04 - LIBRARY OF CONGRESS CALL NUMBER | |
| Classification number | F1231 |
| Item number | R65 2016 |
| 100 1# - MAIN ENTRY--PERSONAL NAME | |
| Personal name | Rojas, Beatriz |
| 245 14 - TITLE STATEMENT | |
| Title | Las Ciudades Novohispanas : |
| Remainder of title | siete ensayos, historia y territorio / |
| Statement of responsibility, etc | Beatriz Rojas |
| 250 ## - EDITION STATEMENT | |
| Edition statement | 1ra ed. |
| 260 ## - PUBLICATION, DISTRIBUTION, ETC. (IMPRINT) | |
| Place of publication, distribution, etc | México, D.F. : |
| Name of publisher, distributor, etc | Instituto de Investigaciones Dr. José María Luis Mora ; |
| -- | El Colegio de Michoacán ; |
| -- | Consejo Nacional de Ciencia y Tecnología, |
| Date of publication, distribution, etc | 2014 |
| 300 ## - PHYSICAL DESCRIPTION | |
| Extent | 294 p.: |
| Other physical details | mapas, |
| Dimensions | 23 cm. |
| 490 ## - SERIES STATEMENT | |
| Series statement | Historia política |
| 504 ## - BIBLIOGRAPHY, ETC. NOTE | |
| Bibliography, etc | Incluye referencias bibliográficas (páginas 259-285) e índice. |
| 651 #7 - SUBJECT ADDED ENTRY--GEOGRAPHIC NAME | |
| Source of heading or term | lemb |
| Geographic name | Nueva España |
| General subdivision | Historia |
| Chronological subdivision | Siglo XVIII |
| 651 #7 - SUBJECT ADDED ENTRY--GEOGRAPHIC NAME | |
| Source of heading or term | lemb |
| Geographic name | España |
| General subdivision | Colonias |
| Geographic subdivision | América |
| General subdivision | Historia |
| Chronological subdivision | Siglo XVIII |
| 942 ## - ADDED ENTRY ELEMENTS (KOHA) | |
| Source of classification or shelving scheme | Biblioteca del Cogreso de los Estados Unidos |
| Koha item type | Libro |
| Estado de pérdida | Fuente de clasificación | Estado del daño | No para préstamo | Ubicación permanente | Ubicación actual | Apartado o colección | Fecha de adquisición | Edición | Dependencia de educación superior (DES) | Área del conocimiento | Clasificación | Código de Barras | Date last seen | Número de copia | Tipo de recurso | Nota pública | Fuente de adquisición | Total Checkouts | Costo por reposición |
|---|---|---|---|---|---|---|---|---|---|---|---|---|---|---|---|---|---|---|---|
| Biblioteca del Cogreso de los Estados Unidos | Biblioteca del Instituto de Investigaciones Históricas | Biblioteca del Instituto de Investigaciones Históricas | General | 13/06/2018 | 1a ed. | Humanidades | Ciencias Sociales y Administrativas | F1231 R65 2016 | IIH000022403 | 13/06/2018 | C:1 | Libro | GENERAL | ||||||
| Biblioteca del Cogreso de los Estados Unidos | Biblioteca del Instituto de Investigaciones Históricas | Biblioteca del Instituto de Investigaciones Históricas | General | 09/06/2023 | 1a ed. | Humanidades | Ciencias Sociales y Administrativas | F1231 R65 2016 | IIH000034917 | 09/06/2023 | C:2 | Libro | Programa de Fortalecimiento de la Calidad Educativa 2018 | 1.00 |